Top 30 : David Guetta - Statistiques

Statistiques générales
  • Ce quiz a été pris 91 fois
  • Le résultat moyen est 8 sur 30
Statistiques - réponses
Top Titres Featuring % Correct
2 Titanium Sia
95%
1 I'm Good (Blue) Bebe Rexha
73%
3 Memories Kid Cudi
73%
4 Sexy Bitch Akon
65%
10 Play Hard Ne-Yo, Akon
47%
22 Dangerous Sam Martin
45%
5 Hey Mama Nicki Minaj, Bebe Rexha, AFROJACK
43%
8 Where Them Girls At Nicki Minaj, Flo Rida
35%
16 When Love Takes Over Kelly Rowland
32%
6 2U Justin Bieber
31%
12 Bad Showtek,VASSY
29%
15 Without You Usher
28%
11 Say My Name Bebe Rexha, J Balvin
27%
30 She Wolf (Falling to Pieces) Sia
25%
14 I Don't Wanna Wait OneRepublic
24%
7 Baby Don't Hurt Me Anne-Marie, Coi Leray
20%
18 This One's for You Zara Larsson
20%
26 Bang My Head Sia, Fetty Wap
17%
9 Club Can't Handle Me Flo Rida
16%
13 Flames Sia
16%
23 Lovers on the Sun Sam Martin
15%
25 Crazy What Love Can Do Becky Hill, Ella Henderson
11%
17 Love Tonight - Remix Shouse
11%
24 Like I Do Martin Garrix, Brooks
9%
21 BED Joel Corry, RAYE
7%
28 Mad Love Sean Paul, Becky G
7%
29 So Far Away Martin Garrix, Jamie Scott, Romy Dya
7%
20 Heartbreak Anthem Galantis, Little Mix
5%
19 Remember Becky Hill
4%
27 Shed a Light Robin Schulz, Cheat Codes
3%
Aucun quiz correspondant
Distribution des résultats
% des personnes avec chaque résultat
Percentile par nombre de réponses
Votre historique - résultats
Vous n’avez pas pris ce quiz